|
|
|
|
| LEADER |
00000nam0a2200000 4500 |
| 001 |
275342 |
| 005 |
20231101234820.0 |
| 020 |
|
|
|a RU
|b 85-76643
|
| 035 |
|
|
|a (RuTPU)RU\TPU\book\298583
|
| 090 |
|
|
|a 275342
|
| 100 |
|
|
|a 20141113d1985 m y0rusy5003 ca
|
| 101 |
0 |
|
|a rus
|
| 102 |
|
|
|a BY
|
| 105 |
|
|
|a y j 001zy
|
| 200 |
1 |
|
|a Оптимизация режимов работы энергосистем. Лабораторный практикум
|e учебное пособие
|f С. К. Гурский, С. В. Домников, О. И. Александров
|
| 210 |
|
|
|a Минск
|c Вышэйшая школа
|d 1985
|
| 215 |
|
|
|a 148 с.
|c ил.
|
| 320 |
|
|
|a Библиогр.: с. 135
|
| 606 |
1 |
|
|a Энергосистемы
|x Эксплуатация
|y Надежность
|2 stltpush
|3 (RuTPU)RU\TPU\subj\72671
|9 86080
|
| 610 |
1 |
|
|a динамическое программирование
|
| 610 |
1 |
|
|a применение
|
| 610 |
1 |
|
|a режимы
|
| 610 |
1 |
|
|a оптимизация
|
| 610 |
1 |
|
|a практикумы
|
| 610 |
1 |
|
|a учебные пособия
|
| 675 |
|
|
|a 621.311.004(076.5)
|v 3
|
| 700 |
|
1 |
|a Гурский
|b С. К.
|g Станислав Константинович
|
| 701 |
|
1 |
|a Домников
|b С. В.
|g Сергей Васильевич
|
| 701 |
|
1 |
|a Александров
|b О. И.
|g Олег Игоревич
|
| 702 |
|
1 |
|a Домников
|b С. В.
|g Сергей Васильевич
|
| 702 |
|
1 |
|a Александров
|b О. И.
|g Олег Игоревич
|4 070
|
| 801 |
|
0 |
|a RU
|b RuMRKP
|c 19950704
|g psbo
|
| 801 |
|
1 |
|a RU
|b 63413507
|c 20141113
|
| 801 |
|
2 |
|a RU
|b 63413507
|c 20170126
|g RCR
|
| 942 |
|
|
|c BK
|